| 000 | 00864nam a22002297a 4500 | ||
|---|---|---|---|
| 005 | 20251007140016.0 | ||
| 008 | 251007b |||||||| |||| 00| 0 eng d | ||
| 020 | _a978-1-83947-383-8 | ||
| 040 |
_bEnglish _cURS _erda |
||
| 050 |
_aRJ245 _b.C128 2025 |
||
| 100 |
_aCalhoun, Benton, _eauthor. _96497 |
||
| 245 |
_aNursing care of the pediatric / _cBenton Calhoun. |
||
| 264 |
_aUnited Kingdom : _bED-Tech Press, _c©2025. |
||
| 300 |
_avii, 288 pages : _billustrations ; _c25 cm. |
||
| 336 |
_2rdacontent _atext _btxt |
||
| 337 |
_2rdamedia _aunmediated _bn |
||
| 338 |
_2rdacarrier _avolume _bnc |
||
| 504 | _aIncludes bibliographical references and index. | ||
| 505 | _aNursing process and practice -- Medical-surgical nursing -- Maternity and neonatal nursing -- Pediatric nursing -- Psychiatric nursing. | ||
| 650 | 0 |
_aPediatric nursing. _94281 |
|
| 942 |
_2lcc _cR |
||
| 999 |
_c87165 _d87163 |
||